Normal view
MARC view
Entry Uniform Title
001 - CONTROL NUMBER
- control field: 10820
003 - CONTROL NUMBER IDENTIFIER
- control field: BD-RjUL
005 - DATE AND TIME OF LATEST TRANSACTION
- control field: 20240114154445.0
008 - FIXED-LENGTH DATA ELEMENTS
- fixed length control field: 240114|| aca||aabn | a|a d
040 ## - CATALOGING SOURCE
- Original cataloging agency: BD-RjUL
- Transcribing agency: BD-RjUL
130 ## - HEADING--UNIFORM TITLE
- Uniform title: Wessex novels
670 ## - SOURCE DATA FOUND
- Source citation: Work cat.: (BD-RjUL)82607: Hardy, Thomas, 1840-1928 10797, Far from the madding crowd /, 1935, [reprinted 1939]